| 000 | 01147nam a2200301 c 4500 | ||
|---|---|---|---|
| 003 | BLK | ||
| 005 | 20180422101522.0 | ||
| 008 | 180408b bul|||||r ||||||| ||bul|| | ||
| 010 | _aKNG00054685000 | ||
| 040 | _aBLK | ||
| 041 |
_aBUL _cBUL |
||
| 080 |
_aАнглийска литература _b821.111 _x-312.4 _z821.111-312.4 |
||
| 100 | 1 |
_aЧейс, Джеймс Хадли _eпърви автор _9241644 |
|
| 700 | 1 |
_aСавова, Иванка _eпрев. от англ. _9364030 |
|
| 139 |
_aЧейс, Джеймс Хадли _bЧ 49 |
||
| 245 | 1 | 0 |
_aОще един глупак _bРоман _cДжеймс Хадли Чейс; прев. от англ. Иванка Савова. |
| 257 | _aGBR | ||
| 260 |
_аПловдив _bХристо Г. Данов _c1986 _fВ. Търново : печ. Д. Найденов |
||
| 300 |
_a255 с. _c17 см |
||
| 380 | _aX | ||
| 500 | _aОриг. загл. Just Anoter Sucker / James Hadley Chase. - 20 737 тир. | ||
| 653 | _aкрими | ||
| 852 | _aЦб І 22770 | ||
| 856 | 4 |
_qpdf _u |
|
| 856 | 4 |
_qpdf _u |
|
| 942 |
_cKNG _n0 |
||
| 944 |
_aCR _c13.07.2005 _kНаталия_Медовщикова |
||
| 944 |
_aED _c30.01.2008 _k |
||
| 999 |
_c50803 _d50803 |
||